000 00317nam a22001337a 4500
020 _a1-84362-390-0
082 _a823
_bWOR/S
100 _aWORMAN, CERI
245 _aTHE SECRET LIFE OF JAMIE B
_bRAPSTAR
260 _aLONDON
_bORCHARD BOOKS
_c2005
300 _a154
650 _aSTORY BOOK
_zUNITED KINGDOM
942 _cBK
999 _c4996
_d4996